2024 NFL All Pro Teams - Statistics

General Stats
  • This quiz has been taken 31 times
  • The average score is 39 of 58
Answer Stats
Position Answer Team % Correct
QB Lamar Jackson Ravens
100%
RB Saquon Barkley Eagles
100%
WR Amon-Ra St. Brown Lions
96%
WR Ja'Marr Chase Bengals
96%
WR Justin Jefferson Vikings
96%
RB Derrick Henry Ravens
92%
TE George Kittle 49ers
92%
QB Josh Allen Bills
92%
DE T.J. Watt Steelers
92%
DT Zach Allen Broncos
92%
WR A.J. Brown Eagles
88%
TE Brock Bowers Raiders
88%
WR Ceedee Lamb Cowboys
88%
DT Chris Jones Chiefs
88%
DE Myles Garrett Browns
88%
RT Lane Johnson Eagles
85%
RT Penei Sewell Lions
85%
DE Trey Hendrickson Bengals
85%
K Brandon Aubrey Cowboys
81%
DT Cameron Heyward Steelers
81%
C Creed Humphrey Chiefs
81%
CB Marlon Humphrey Ravens
81%
FB Patrick Ricard Ravens
81%
CB Patrick Surtain Broncos
81%
WR Terry Mclaurin Commander
81%
LB Bobby Wagner Commanders
77%
K Chris Boswell Steelers
77%
CB Derek Stingley Texans
77%
DB Derwin James Chargers
77%
S Kyle Hamilton Ravens
77%
LG Quentin Nelson Colts
77%
LT Tristan Wirfs Buccaneers
77%
S Budda Baker Cardinals
73%
CB Christian Gonzalez Patriots
69%
DT Jalen Carter Eagles
69%
KR KaVontae Turpin Cowboys
65%
S Kerby Joseph Lions
65%
FB Kyle Juszczyk 49ers
65%
C Frank Ragnow Lions
62%
LG Joe Thuney Chiefs
62%
LT Jordan Mailata Eagles
62%
CB Trent Mcduffie Chiefs
62%
S Xavier McKinney Packers
62%
DE Nik Bonitto Broncos
54%
RG Chris Lindstrom Falcons
50%
PR Marvin Mims Broncos
50%
LB Zaire Franklin Colts
42%
DE Andrew Van Ginkel Vikings
38%
LB Frankie Luvu Commanders
38%
P Jack Fox Lions
38%
RG Quinn Meinerz Broncos
38%
LS Andrew DePaola Vikings
19%
PR Khalif Raymond Lions
15%
P Logan Cooke Jaguars
15%
ST Brenden Schooler Patriots
8%
KR Austin Ekeler Commanders
4%
LS Ross Matiscik Jaguars
4%
ST J.T. Gray Saints
0%
No matching quizzes found
Score Distribution
Percent of People with Each Score
Percentile by Number Answered
Your Score History
You have not taken this quiz